MARC

LEADER 00000nab a2200000 ar4500
001 vtls010916508
003 SK-MaSNL
005 20260330133438.0
008 151008c2015 xo sr|p|||||||000 b|slo
038 |a PPPK 
040 |a PPPKCL  |b slo  |c PPPKCL  |e AACR2 
041 0 |a slo 
044 |a xo  |c SK 
080 |a 72/76:061.4  |2 2001 
245 0 0 |a Pozvánka do galérie  |c [autor] GUA 
600 1 7 |a Borodáč, Martin,   |d 1964-  |2 pppkcl  |9 1635882 
600 1 7 |a Borodáč, Martin,   |d 1964-  |2 pppkcl  |9 1635882 
610 2 7 |a Galéria u Anjela (Kežmarok, Slovensko)  |x výstavy  |2 pppkcl  |9 1053061 
648 7 |a 11.9.-12.11.2015  |2 pppkcl  |9 1314656 
650 0 7 |a výtvarné umenie  |2 pppkcl  |9 723 
650 0 7 |a výstavy  |2 pppkcl  |9 2780 
651 7 |a Kežmarok (Slovensko)  |2 pppkcl  |9 26808 
773 0 |t Kežmarok  |g Roč. XXIII, č. 18 (2015), s. 9 
852 |a PPPK  |b KIS3GCP 
856 4 1 |u http://www.kezmarok.sk/obcan/clanky/noviny_kezmarok_archiv-132.htm 
999 |c 2647356  |d 2649286